| 000 | 00762nam a2200229 i 4500 | ||
|---|---|---|---|
| 003 | EG-ScBUE | ||
| 005 | 20230529093844.0 | ||
| 008 | 100315s2008 sp abe f 000 0 eengdd | ||
| 020 | _a9788495951618 | ||
| 040 |
_aEG-ScBUE _beng _erda _cEG-ScBUE _dEG-ScBUE |
||
| 082 | 0 | 4 |
_222 _a720.9246 _bGUA |
| 100 | 1 |
_912661 _aGuallart, Vicente, _eauthor. |
|
| 245 | 1 | 0 |
_aGeoLogics : _bGeography, Information, Architecture / _cVicente Guallart. |
| 264 | 1 |
_aBarcelona ; _aNew York : _bActar, _c2008. |
|
| 300 |
_a544 pages : _bcolor illustrations, maps, plans ; _c19 cm |
||
| 336 |
_2rdacontent _atext _btxt |
||
| 337 |
_2rdamedia _aunmediated _bn |
||
| 338 |
_2rdacarrier _avolume _bnc |
||
| 650 | 7 |
_912662 _aArchitects _zSpain. _2BUEsh |
|
| 655 | _vReading book | ||
| 942 |
_2ddc _cBB |
||
| 999 |
_c13675 _d13675 |
||